Silk production : (Record no. 133455)

MARC details
000 -LEADER
fixed length control field 00836nam a22002657a 4500
003 - CONTROL NUMBER IDENTIFIER
control field dpl
005 - DATE AND TIME OF LATEST TRANSACTION
control field 20180609125805.0
008 - FIXED-LENGTH DATA ELEMENTS--GENERAL INFORMATION
fixed length control field 180609b xxu||||| |||| 00| 0 eng d
010 ## - LIBRARY OF CONGRESS CONTROL NUMBER
LC control number B-121852
020 ## - INTERNATIONAL STANDARD BOOK NUMBER
Terms of availability 995.00
International Standard Book Number 8176487821
035 ## - SYSTEM CONTROL NUMBER
System control number B-121852, B-121856
037 ## - SOURCE OF ACQUISITION
Source of stock number/acquisition Cen Lib/Ret
040 ## - CATALOGING SOURCE
Original cataloging agency DPL
Language of cataloging EN
Transcribing agency 0
082 ## - DEWEY DECIMAL CLASSIFICATION NUMBER
Classification number 638.2
Item number OJH
100 ## - MAIN ENTRY--PERSONAL NAME
Personal name Ojha, N.G.
9 (RLIN) 37991
245 ## - TITLE STATEMENT
Title Silk production :
Statement of responsibility, etc by N.G. Ojha [and] P.N Panday
Remainder of title role of feed tasar silk and egg production /
260 ## - PUBLICATION, DISTRIBUTION, ETC. (IMPRINT)
Place of publication, distribution, etc New Delhi
Name of publisher, distributor, etc APH publishing corporation
Date of publication, distribution, etc 2004
270 ## - ADDRESS
City New Delhi
Address 5, Ansari road, Daryaganj
Postal code 110002
300 ## - PHYSICAL DESCRIPTION
Extent xxii, 278p.
Dimensions 24cm(Hb)
500 ## - GENERAL NOTE
General note Includes index
650 ## - SUBJECT ADDED ENTRY--TOPICAL TERM
Topical term or geographic name as entry element Silk production
9 (RLIN) 37992
650 ## - SUBJECT ADDED ENTRY--TOPICAL TERM
Topical term or geographic name as entry element Sericulture
9 (RLIN) 34055
700 ## - ADDED ENTRY--PERSONAL NAME
Personal name Pandey, P.N.
9 (RLIN) 5857
942 ## - ADDED ENTRY ELEMENTS (KOHA)
Source of classification or shelving scheme Dewey Decimal Classification
Koha item type English Books
Classification part 638.2
Call number suffix OJH
Holdings
Withdrawn status Lost status Damaged status Not for loan Home library Current library Date acquired Source of acquisition Cost, normal purchase price Total Checkouts Full call number Barcode Date last seen Copy number Cost, replacement price Price effective from Koha item type Source of classification or shelving scheme Collection code
        Central Library Central Library 25/07/2015 Cen Lib/Ret 995.00   638.2 OJH B-121852 25/07/2015 1 995.00 25/07/2015 English Books    
        Shahdara Branch Shahdara Branch 09/06/2018 BPPD/PUB 995.00   638.2 OJH B121856 09/06/2018   995.00 09/06/2018 English Books Dewey Decimal Classification Non-fiction
        Shahdara Branch Shahdara Branch 09/06/2018 BPPD/PUB 995.00   638.2 OJH B-121856 09/06/2018   995.00 09/06/2018 English Books Dewey Decimal Classification Non-fiction

© Delhi Public Library
Hit Counter
free hit counter